Handbook of Pediatric Dentistry (Record no. 20885)

MARC details
000 -LEADER
fixed length control field 00370nam a22001577a 4500
003 - CONTROL NUMBER IDENTIFIER
control field SGT
020 ## - INTERNATIONAL STANDARD BOOK NUMBER
International Standard Book Number 978-0723436959
082 ## - DEWEY DECIMAL CLASSIFICATION NUMBER
Classification number 617.632
Item number H13C
100 ## - MAIN ENTRY--PERSONAL NAME
Personal name Angus C. Cameron
245 ## - TITLE STATEMENT
Title Handbook of Pediatric Dentistry
250 ## - EDITION STATEMENT
Edition statement 4TH
260 ## - PUBLICATION, DISTRIBUTION, ETC. (IMPRINT)
Place of publication, distribution, etc NEW DELHI
Name of publisher, distributor, etc ELSEVIER Mosby
Year of Publication 2013
300 ## - PAGE DESCRIPTION
No. of Pages 1-542
650 ## - SUBJECT ADDED ENTRY--TOPICAL TERM
Topical term or geographic name as entry element Pediatric Dentistry
942 ## - ADDED ENTRY ELEMENTS (KOHA)
Source of classification or shelving scheme Dewey Decimal Classification
Koha item type Books
942 ## - ADDED ENTRY ELEMENTS (KOHA)
-- 2
Holdings
Withdrawn status Lost status Source of classification or shelving scheme Damaged status Not for loan Home library Current library Shelving location Date acquired Vendor Name Cost, normal purchase price SGTU Bill Number Total Checkouts Full call number Accession No. (Barcode) Date last seen Date last borrowed Bill Date Koha item type
    Dewey Decimal Classification     SGT Dental Library SGT Dental Library Text Book 04/03/2021 AHUJA BOOK COMPANY 800.00 SGTU 12616 3 617.632 H13C FD8231 07/04/2025 07/04/2025 27/01/2021 Books
    Dewey Decimal Classification     SGT Dental Library SGT Dental Library Text Book 04/03/2021 AHUJA BOOK COMPANY 800.00 SGTU 12616   617.632 H13C FD8232 04/03/2021   27/01/2021 Books